[Event "2017 Edmonton International Qualifier"]
[Site "?"]
[Date "2017.04.29"]
[Round "1"]
[White "Robertson, Trevor"]
[Black "Tam, Erik"]
[Result "0-1"]
[WhiteElo "1646"]
[BlackElo "2142"]
[PlyCount "42"]
[EventDate "2017.??.??"]
[SourceDate "2017.09.01"]

1. c4 e5 2. Nc3 Bb4 3. d3 Bxc3+ 4. bxc3 Nf6 5. g3 O-O 6. Bg2 Re8 7. Qb3 e4 8.
d4 h6 9. Be3 Nc6 10. Nh3 Na5 11. Qb4 b6 12. Nf4 Ba6 13. c5 d5 14. cxd6 cxd6 15.
O-O g5 16. Nd3 exd3 17. Bxa8 dxe2 18. Rfe1 Qxa8 19. Qxd6 Qf3 20. c4 Nxc4 21.
Qc7 Bb7 0-1

[Event "2017 Edmonton International Qualifier"]
[Site "?"]
[Date "2017.04.29"]
[Round "1"]
[White "MacDonald, Dean"]
[Black "Thiel, Rodney"]
[Result "0-1"]
[WhiteElo "1426"]
[BlackElo "1965"]
[PlyCount "48"]
[EventDate "2017.??.??"]
[SourceDate "2017.09.01"]

1. d4 Nf6 2. Nf3 g6 3. c4 Bg7 4. Nc3 O-O 5. e4 d6 6. Be2 e5 7. dxe5 dxe5 8. O-O
Nbd7 9. Qc2 c6 10. Bg5 h6 11. Be3 Ng4 12. Bd2 Qe8 13. Ne1 Ngf6 14. f4 exf4 15.
Bxf4 Qe6 16. Rd1 Re8 17. Rd6 Qe7 18. Bf3 Ne5 19. Bxe5 Qxe5 20. Qd3 Ng4 21. Bxg4
Bxg4 22. Nf3 Qc5+ 23. Kh1 Be6 24. b3 Bxc3 0-1

[Event "2017 Edmonton International Qualifier"]
[Site "?"]
[Date "2017.04.30"]
[Round "5"]
[White "Windram, James"]
[Black "Thiel, Rodney"]
[Result "0-1"]
[WhiteElo "1359"]
[BlackElo "1965"]
[PlyCount "60"]
[EventDate "2017.??.??"]
[SourceDate "2017.09.01"]

1. e4 e5 2. Nf3 d6 3. h3 Nf6 4. Nc3 Be7 5. Bc4 c6 6. d3 O-O 7. Bb3 Nbd7 8. Be3
Qc7 9. Ne2 Nc5 10. Ng3 Nxb3 11. axb3 a6 12. Nh4 Nxe4 13. Nxe4 Bxh4 14. Qh5 Be7
15. Qf3 f5 16. Nc3 d5 17. Nd1 f4 18. Bd2 Bf5 19. Nc3 Bd6 20. Rg1 e4 21. dxe4
dxe4 22. Qh5 e3 23. fxe3 fxe3 24. Bxe3 Rae8 25. Kd2 Rxe3 26. Kxe3 Bc5+ 27. Kd2
Qf4+ 28. Ke1 Qf2+ 29. Kd1 Bxc2+ 30. Kc1 Be3# 0-1

[Event "2017 Edmonton International Qualifier"]
[Site "?"]
[Date "2017.04.29"]
[Round "3"]
[White "Ivanescu, Cristian"]
[Black "Thiel, Rodney"]
[Result "0-1"]
[WhiteElo "1953"]
[BlackElo "1965"]
[PlyCount "46"]
[EventDate "2017.??.??"]
[SourceDate "2017.09.01"]

1. d4 Nf6 2. Nf3 g6 3. Bf4 Bg7 4. h3 O-O 5. Qc1 Re8 6. Bh6 Bh8 7. e3 c5 8. c3
b6 9. Nbd2 Bb7 10. Qc2 Nc6 11. Be2 cxd4 12. exd4 Rc8 13. O-O d5 14. Qa4 a6 15.
Rfe1 b5 16. Qd1 Ne4 17. Bd3 e5 18. Nxe4 dxe4 19. Bxe4 exd4 20. Nxd4 Qh4 21.
Bxc6 Bxd4 22. Rxe8+ Rxe8 23. Bxe8 Qxf2+ 0-1

[Event "2017 Edmonton International"]
[Site "?"]
[Date "2017.06.24"]
[Round "8"]
[White "Matras-Clement, Agnieszka"]
[Black "Valencia, Belsar"]
[Result "0-1"]
[WhiteElo "2305"]
[BlackElo "2373"]
[PlyCount "64"]
[EventDate "2017.??.??"]
[SourceDate "2017.09.01"]

1. e4 c5 2. c3 d5 3. exd5 Qxd5 4. d4 Nf6 5. Nf3 e6 6. Bd3 Be7 7. Be3 cxd4 8.
cxd4 Nc6 9. Nc3 Qd6 10. O-O O-O 11. a3 b6 12. Qe2 Bb7 13. Rad1 Rad8 14. Rfe1
Qb8 15. Bb1 Nd5 16. Ng5 g6 17. Qg4 Nxe3 18. fxe3 f5 19. Qh4 Bxg5 20. Qxg5 Kg7
21. Ba2 h6 22. Qh4 g5 23. Qh5 Qd6 24. Nb5 Qe7 25. e4 f4 26. e5 f3 27. Rf1 Nxe5
28. Bb1 fxg2 29. Rxf8 Rxf8 30. Rc1 Qf6 31. Qe2 Nf3+ 32. Kxg2 Nxd4+ 0-1

[Event "2017 Edmonton International"]
[Site "?"]
[Date "2017.06.21"]
[Round "2"]
[White "Shabalov, Alex"]
[Black "Valencia, Belsar"]
[Result "1-0"]
[WhiteElo "2587"]
[BlackElo "2373"]
[PlyCount "75"]
[EventDate "2017.??.??"]
[SourceDate "2017.09.01"]

1. e4 c5 2. Nf3 e6 3. Nc3 a6 4. g3 Nc6 5. Bg2 d6 6. O-O Nf6 7. d3 Be7 8. Ng5
O-O 9. f4 Rb8 10. Kh1 Bd7 11. Be3 b5 12. Bg1 Ne8 13. Nf3 Nc7 14. Qd2 b4 15. Nd1
d5 16. Ne3 dxe4 17. dxe4 Bc8 18. Qf2 Nb5 19. g4 Nbd4 20. Rfd1 Qc7 21. Nd2 Bb7
22. h4 Rbd8 23. Bh2 Na5 24. Rac1 Nb5 25. h5 c4 26. h6 c3 27. hxg7 Rfe8 28. bxc3
Nxc3 29. Re1 Bc5 30. g5 Rxd2 31. Qxd2 Rd8 32. Qf2 Nc4 33. f5 e5 34. g6 fxg6 35.
fxg6 Nxe3 36. gxh7+ Kxh7 37. Qh4+ Kxg7 38. Bf3 1-0

[Event "2017 Edmonton International Qualifier"]
[Site "?"]
[Date "2017.04.29"]
[Round "3"]
[White "Ludwig, Michael"]
[Black "Wang, Kaixin"]
[Result "1-0"]
[WhiteElo "1933"]
[BlackElo "1971"]
[PlyCount "33"]
[EventDate "2017.??.??"]
[SourceDate "2017.09.01"]

1. c4 c6 2. Nf3 Nf6 3. b3 d5 4. cxd5 cxd5 5. e3 Nc6 6. Bb2 Bf5 7. Nh4 Bg4 8.
Be2 Bxe2 9. Qxe2 e5 10. Nf3 Bd6 11. O-O O-O 12. d3 a6 13. Nbd2 Qc7 14. e4 d4
15. Nc4 Be7 16. Rac1 b5 17. Ncxe5 1-0

[Event "2017 Edmonton International Qualifier"]
[Site "?"]
[Date "2017.04.29"]
[Round "2"]
[White "Chandra, Anand Rishi"]
[Black "Wang, Kaixin"]
[Result "0-1"]
[WhiteElo "1971"]
[BlackElo "1657"]
[PlyCount "52"]
[EventDate "2017.??.??"]
[SourceDate "2017.09.01"]

1. e4 c5 2. Nf3 d6 3. Bb5+ Bd7 4. Bxd7+ Nxd7 5. O-O g6 6. c3 Ngf6 7. Re1 Bg7 8.
d4 cxd4 9. cxd4 e5 10. Nc3 O-O 11. h3 Qb6 12. dxe5 Nxe5 13. Nd4 Rfe8 14. Ndb5
Nc4 15. Be3 Nxe3 16. Rxe3 Rad8 17. a4 a6 18. a5 Qc5 19. Na3 Qxa5 20. Nc4 Qc5
21. Na5 Qb6 22. Nc4 Qc7 23. Qb3 Nxe4 24. Nd5 Qc5 25. Ra4 b5 26. Na3 bxa4 0-1

[Event "2017 Edmonton International Qualifier"]
[Site "?"]
[Date "2017.04.29"]
[Round "2"]
[White "Kalisvaart, Peter"]
[Black "Wei, Daniel"]
[Result "1-0"]
[WhiteElo "2076"]
[BlackElo "1721"]
[PlyCount "45"]
[EventDate "2017.??.??"]
[SourceDate "2017.09.01"]

1. d4 d5 2. c4 c6 3. Nc3 Nf6 4. Nf3 dxc4 5. a4 Bf5 6. e3 h6 7. Bxc4 e6 8. O-O
Nbd7 9. Qe2 Bg6 10. e4 Bb4 11. d5 e5 12. dxc6 bxc6 13. Nh4 Bh5 14. f3 Nb6 15.
Nf5 O-O 16. Rd1 Qc8 17. a5 Nxc4 18. Qxc4 Rb8 19. Ra4 Qb7 20. a6 Qb6+ 21. Be3 c5
22. Na2 Qc6 23. Ne7+ 1-0

[Event "2017 Edmonton International Qualifier"]
[Site "?"]
[Date "2017.04.29"]
[Round "3"]
[White "Darvekar, Yash"]
[Black "Windram, James"]
[Result "0-1"]
[WhiteElo "1358"]
[BlackElo "1486"]
[PlyCount "64"]
[EventDate "2017.??.??"]
[SourceDate "2017.09.01"]

1. e4 c5 2. Nf3 Nc6 3. c3 d5 4. exd5 Qxd5 5. d4 Bg4 6. Be2 e6 7. O-O Nf6 8. Be3
cxd4 9. cxd4 Bb4 10. Nc3 Bxc3 11. bxc3 O-O 12. c4 Qd6 13. Rb1 b6 14. c5 bxc5
15. dxc5 Qc7 16. Ba6 Rab8 17. Qe2 Ne5 18. Bf4 Nxf3+ 19. Qxf3 Qxc5 20. Qg3 Rxb1
21. Rxb1 Rd8 22. Be5 Qc2 23. Rf1 Qg6 24. Bxf6 gxf6 25. Qc7 Rd2 26. Qxa7 Rxa2
27. Qb8+ Kg7 28. Bc4 Rc2 29. Qb5 Bh3 30. Qc6 Rxc4 31. Qf3 Bxg2 32. Qg3 Qxg3 0-1

[Event "2017 Edmonton International Qualifier"]
[Site "?"]
[Date "2017.04.29"]
[Round "1"]
[White "Guevarra, Alvin"]
[Black "Windram, James"]
[Result "1-0"]
[WhiteElo "1917"]
[BlackElo "1359"]
[PlyCount "101"]
[EventDate "2017.??.??"]
[SourceDate "2017.09.01"]

1. d4 d5 2. Nf3 Bf5 3. c4 dxc4 4. Nc3 Nf6 5. e3 Nbd7 6. Bxc4 e6 7. O-O Be7 8.
h3 O-O 9. Nh4 Be4 10. Nxe4 Nxe4 11. Nf3 Ndf6 12. Qb3 Rb8 13. Rd1 c6 14. a4 Kh8
15. Ne5 Nd6 16. Be2 Qc7 17. Bd2 Rbd8 18. Rac1 Nd5 19. Bf3 Qb6 20. Qc2 Bf6 21.
a5 Qc7 22. Nc4 Nxc4 23. Qxc4 Ne7 24. b4 Qd6 25. b5 Rc8 26. Bb4 Qc7 27. d5 exd5
28. Bxd5 Rcd8 29. Bxf7 Rxd1+ 30. Rxd1 h6 31. Be6 Rd8 32. Rc1 Ng6 33. Qe4 Ne5
34. Bb3 g5 35. Qf5 Qg7 36. bxc6 Nxc6 37. Be1 Ne5 38. Rc8 Rxc8 39. Qxc8+ Kh7 40.
f4 Ng6 41. Bc2 gxf4 42. exf4 Bd4+ 43. Kh1 Qe7 44. Bc3 Bxc3 45. Qxc3 Qf7 46. f5
Nf8 47. Bb3 Qd7 48. h4 Qg7 49. f6 Qd7 50. Qg3 Ng6 51. h5 1-0

[Event "2017 Edmonton International Qualifier"]
[Site "?"]
[Date "2017.04.29"]
[Round "1"]
[White "Ng, Gary"]
[Black "Young, Joseph"]
[Result "1-0"]
[WhiteElo "2335"]
[BlackElo "1789"]
[PlyCount "63"]
[EventDate "2017.??.??"]
[SourceDate "2017.09.01"]

1. Nf3 Nf6 2. g3 Nc6 3. d4 d5 4. Bg2 Bf5 5. O-O e6 6. c4 Be7 7. cxd5 exd5 8.
Nc3 Nb4 9. Bf4 O-O 10. a3 Na6 11. b4 Ne4 12. Rc1 c6 13. Qb3 Nxc3 14. Rxc3 Bd7
15. Ne5 Be8 16. b5 cxb5 17. Bxd5 Qb6 18. Rb1 g5 19. Be3 Kg7 20. Bg2 f6 21. Nd3
Rd8 22. d5 Qa5 23. Bxa7 Ra8 24. Bd4 Bd6 25. Be4 Kh6 26. f4 gxf4 27. gxf4 Bg6
28. Qxb5 Qd8 29. Qb2 Rh8 30. f5 Bh5 31. Qd2+ Kg7 32. Qg5+ 1-0

[Event "2017 Edmonton International Qualifier"]
[Site "?"]
[Date "2017.04.29"]
[Round "2"]
[White "Robertson, Trevor"]
[Black "Young, Joseph"]
[Result "0-1"]
[WhiteElo "1664"]
[BlackElo "1789"]
[PlyCount "88"]
[EventDate "2017.??.??"]
[SourceDate "2017.09.01"]

1. d4 d5 2. c4 e6 3. Nf3 Nf6 4. Nc3 Be7 5. e3 O-O 6. Bd3 b6 7. cxd5 exd5 8. Bd2
Bb7 9. Qc2 c5 10. O-O Nbd7 11. Rac1 c4 12. Bf5 g6 13. Bh3 Bb4 14. b3 Bxc3 15.
Bxc3 Ba6 16. Rfe1 Re8 17. g3 Ne4 18. bxc4 Bxc4 19. Bxd7 Qxd7 20. Ne5 Qf5 21.
Nxc4 dxc4 22. Re2 Qf3 23. Be1 Ng5 24. h4 Ne4 25. Qd1 Nd6 26. Rec2 Qe4 27. Bb4
Nf5 28. Rc3 b5 29. a4 a6 30. axb5 axb5 31. Ra1 h6 32. Rca3 Rad8 33. Rb1 g5 34.
hxg5 hxg5 35. f3 Qe6 36. Ba5 Rb8 37. d5 Qd6 38. f4 Qxa3 39. e4 Qxg3+ 40. Kh1
Kg7 41. Bc3+ f6 42. Bxf6+ Kg6 43. e5 Kf7 44. fxg5 Rh8+ 0-1

[Event "Ft. McMurray Open"]
[Site "?"]
[Date "2017.07.01"]
[Round "2"]
[White "Ivanescu, Mark"]
[Black "Gardner, Robert"]
[Result "0-1"]
[WhiteElo "1696"]
[BlackElo "2271"]
[PlyCount "64"]
[EventDate "2017.??.??"]
[SourceDate "2017.09.01"]

1. d4 Nf6 2. Nf3 e6 3. Bf4 c5 4. e3 Qb6 5. Na3 cxd4 6. Nb5 Bb4+ 7. c3 dxc3 8.
bxc3 Ba5 9. Nc7+ Ke7 10. Qc2 Qc6 11. Nb5 Nd5 12. Bd6+ Ke8 13. Ne5 Bxc3+ 14. Kd1
Bxe5 15. Bxe5 Qxc2+ 16. Kxc2 Nc6 17. Bxg7 Rg8 18. Bb2 a6 19. Nd4 Nxd4+ 20. Bxd4
d6 21. Rb1 b5 22. e4 Ne7 23. e5 Nc6 24. Kd3 Nxe5+ 25. Bxe5 dxe5 26. Be2 Bb7 27.
Bf3 Bxf3 28. gxf3 Ke7 29. Rhg1 Rxg1 30. Rxg1 Rd8+ 31. Ke3 Rd4 32. Rg5 Ra4 0-1

[Event "2017 Edmonton Junior Regional"]
[Site "?"]
[Date "2017.10.01"]
[Round "5"]
[White "Ivanescu, Mark"]
[Black "Lau, Julian"]
[Result "1-0"]
[WhiteElo "1683"]
[BlackElo "1465"]
[PlyCount "61"]
[EventDate "2017.??.??"]
[SourceDate "2017.09.01"]

1. d4 Nf6 2. Nf3 d5 3. Bf4 e6 4. e3 Nbd7 5. Bd3 Bd6 6. Ne5 h6 7. c3 g5 8. Bg3
b6 9. Nc6 Bxg3 10. hxg3 Bb7 11. Nxd8 Rxd8 12. Nd2 Ke7 13. Nf3 Ng4 14. Qe2 a5
15. Kd2 f6 16. Nxg5 Nxf2 17. Nxe6 Nxh1 18. Nxd8 Nxg3 19. Qg4 Ne4+ 20. Bxe4 Rxd8
21. Qg7+ Kd6 22. Bf5 c6 23. Bxd7 Rxd7 24. Qxf6+ Kc7 25. Qe5+ Kc8 26. Rf1 Rd8
27. Rf7 Rd7 28. Qe8+ Rd8 29. Qe7 Rd7 30. Qxd7+ Kb8 31. Qxb7# 1-0

[Event "2017 Edmonton Junior Regional"]
[Site "?"]
[Date "2017.09.30"]
[Round "3"]
[White "Ivanescu, Mark"]
[Black "Zita, Matthew"]
[Result "1-0"]
[WhiteElo "1683"]
[BlackElo "1736"]
[PlyCount "63"]
[EventDate "2017.??.??"]
[SourceDate "2017.09.01"]

1. d4 f5 2. Nf3 Nf6 3. g3 e6 4. Bg2 d6 5. c4 Be7 6. Nc3 O-O 7. b3 Qe8 8. O-O a5
9. Re1 Ne4 10. Bb2 Nd7 11. Nd2 Nxd2 12. Qxd2 e5 13. Rad1 Kh8 14. dxe5 Nxe5 15.
Nd5 Bd8 16. e4 c6 17. exf5 cxd5 18. f4 Bc7 19. Qxd5 Rxf5 20. fxe5 dxe5 21. Bxe5
Bxe5 22. Rxe5 Rxe5 23. Qxe5 Qg8 24. Bd5 Qf8 25. Rf1 Qc5+ 26. Kh1 Bh3 27. Rf7
Rg8 28. Rxg7 Bg2+ 29. Kxg2 Qf2+ 30. Kxf2 Rf8+ 31. Kg1 Rf1+ 32. Kxf1 1-0

[Event "2017 Battle of Alberta"]
[Site "?"]
[Date "2017.09.09"]
[Round "1"]
[White "Ng, Gary"]
[Black "Banerjee, Bitan"]
[Result "1-0"]
[WhiteElo "2259"]
[BlackElo "2386"]
[PlyCount "65"]
[EventDate "2017.??.??"]
[SourceDate "2017.09.01"]

1. Nf3 g6 2. e4 c5 3. c3 d5 4. exd5 Qxd5 5. d4 Bg7 6. Be3 Nc6 7. Be2 Nh6 8. Qd2
Nf5 9. O-O Nxe3 10. fxe3 O-O 11. Na3 b6 12. Ne1 Bb7 13. Bf3 Qd7 14. Nd3 Rad8
15. Rad1 Ba6 16. Kh1 e5 17. d5 Ne7 18. c4 f5 19. Be2 g5 20. e4 h6 21. Nf2 Nc8
22. exf5 Nd6 23. Bd3 Nxf5 24. Ne4 Nd4 25. Nc2 Qg4 26. Ne3 Qh4 27. b4 cxb4 28.
Qxb4 Bc8 29. Qe7 Kh8 30. Nd6 Kg8 31. Rf7 Rxf7 32. Qxf7+ Kh8 33. Qg6 1-0

[Event "2017 Battle of Alberta"]
[Site "?"]
[Date "2017.09.09"]
[Round "1"]
[White "Valencia, Belsar"]
[Black "Haessel, Dale"]
[Result "1/2-1/2"]
[WhiteElo "2361"]
[BlackElo "2328"]
[PlyCount "105"]
[EventDate "2017.??.??"]
[SourceDate "2017.09.01"]

1. Nf3 Nf6 2. c4 c5 3. g3 g6 4. Bg2 Bg7 5. O-O d5 6. Nc3 Nc6 7. d3 O-O 8. cxd5
Nxd5 9. Bd2 Nxc3 10. Bxc3 e5 11. Nd2 Bd7 12. a4 Qe7 13. Nc4 Rac8 14. a5 Rfd8
15. Re1 Bf5 16. Qa4 Nd4 17. Bxd4 Rxd4 18. Qb5 e4 19. Bxe4 Bxe4 20. dxe4 Qxe4
21. Rac1 Qc6 22. Qxc6 Rxc6 23. e3 Rd8 24. Red1 Bf6 25. f4 Kf8 26. Kf1 Ke8 27.
b3 b5 28. axb6 axb6 29. Rxd8+ Kxd8 30. Rd1+ Kc7 31. Ke2 b5 32. Na3 Rb6 33. e4
Kc6 34. Nc2 Ra6 35. e5 Be7 36. Kd3 Kd5 37. Ne3+ Ke6 38. Nc2 f6 39. Re1 Ra7 40.
exf6+ Kxf6 41. Ne3 Rd7+ 42. Kc2 h5 43. Ra1 g5 44. fxg5+ Kxg5 45. Ra6 h4 46. Rb6
hxg3 47. hxg3 b4 48. Re6 Bf6 49. Re4 Bd4 50. Rg4+ Kh5 51. Rh4+ Kg5 52. Rg4+ Kh5
53. Rh4+ 1/2-1/2

[Event "2017 Battle of Alberta"]
[Site "?"]
[Date "2017.09.09"]
[Round "1"]
[White "Kazmaier, Daniel"]
[Black "Arruebarrena, Rafael"]
[Result "0-1"]
[WhiteElo "2284"]
[BlackElo "2319"]
[PlyCount "112"]
[EventDate "2017.??.??"]
[SourceDate "2017.09.01"]

1. d4 Nf6 2. Nc3 d5 3. Bg5 c5 4. Nf3 Ne4 5. Bd2 e6 6. e3 Nc6 7. Bb5 Qb6 8. O-O
Nf6 9. Qe2 cxd4 10. Nxd4 Bd7 11. Nxc6 bxc6 12. Bd3 c5 13. b3 Be7 14. e4 dxe4
15. Nxe4 Bc6 16. Bc3 Bxe4 17. Bxe4 Rc8 18. Bd3 O-O 19. a4 Nd5 20. a5 Qc6 21.
Be5 Bf6 22. f4 Bxe5 23. fxe5 g6 24. Qe1 Nb4 25. Be4 Qc7 26. Qg3 Nc6 27. Bxc6
Qxc6 28. h4 h5 29. Rae1 Rcd8 30. Rf6 Kg7 31. Qg5 Rd4 32. Ref1 Qd7 33. R6f4 Rxf4
34. Rxf4 Qd1+ 35. Kh2 Qxc2 36. Qf6+ Kg8 37. Rf3 a6 38. Kh3 Qe4 39. Rf4 Qe1 40.
Rf1 Qxa5 41. g4 hxg4+ 42. Kxg4 Qd8 43. Rc1 Qd4+ 44. Kg5 Qe3+ 45. Qf4 Qxf4+ 46.
Kxf4 Rb8 47. Rxc5 Rxb3 48. h5 gxh5 49. Rc6 a5 50. Rc5 a4 51. Kg5 a3 52. Kxh5 a2
53. Ra5 Rb2 54. Kg4 Kg7 55. Kf4 Kg6 56. Ra4 Rb4+ 0-1

[Event "2017 Battle of Alberta"]
[Site "?"]
[Date "2017.09.09"]
[Round "1"]
[White "Matras-Clement, Agnieszka"]
[Black "Findlay, Ian"]
[Result "1-0"]
[WhiteElo "2304"]
[BlackElo "2224"]
[PlyCount "79"]
[EventDate "2017.??.??"]
[SourceDate "2017.09.01"]

1. e4 c5 2. Nf3 d6 3. d4 cxd4 4. Nxd4 Nf6 5. Nc3 g6 6. Be3 Bg7 7. f3 Nc6 8. Qd2
O-O 9. O-O-O d5 10. Qe1 e5 11. Nxc6 bxc6 12. exd5 Nxd5 13. Bc4 Be6 14. Ne4 Qc7
15. Bc5 Rfd8 16. h4 h6 17. g4 Rd7 18. g5 h5 19. Rh2 Rad8 20. Rhd2 Nf4 21. Bxe6
Nxe6 22. Be3 Rd5 23. Qf2 Qa5 24. Kb1 Rb8 25. c3 Qa4 26. Rxd5 cxd5 27. Rxd5 Nd4
28. cxd4 exd4 29. Bc1 Qd1 30. Nf6+ Bxf6 31. gxf6 Rc8 32. Qd2 Qxf3 33. Qxd4 Kh7
34. a3 Qh1 35. Rc5 Rxc5 36. Qxc5 Qe4+ 37. Ka1 Qxh4 38. Qe7 Qc4 39. Qe3 Kg8 40.
Qh6 1-0

[Event "2017 Battle of Alberta"]
[Site "?"]
[Date "2017.09.09"]
[Round "1"]
[White "Rekhson, Vladislav"]
[Black "Gardner, Rob"]
[Result "0-1"]
[WhiteElo "2182"]
[BlackElo "2267"]
[PlyCount "82"]
[EventDate "2017.??.??"]
[SourceDate "2017.09.01"]

1. e4 g6 2. Nc3 Bg7 3. d4 d6 4. f4 Nf6 5. Bd3 O-O 6. Nf3 a6 7. a4 b6 8. e5 Ne8
9. Be4 c6 10. h4 d5 11. Bd3 Bg4 12. h5 gxh5 13. Ne2 e6 14. f5 f6 15. Nf4 fxe5
16. Nxe6 Qe7 17. dxe5 Bxe5 18. O-O Rf7 19. Qe1 Bf6 20. Qg3 Ng7 21. Bf4 Nxe6 22.
fxe6 Rg7 23. Bxb8 h4 24. Qd6 Qb7 25. Ne5 Be7 26. Qxc6 Rxb8 27. Qxb7 Rxb7 28.
Nxg4 Rxg4 29. Bf5 Rg3 30. Rad1 d4 31. Rd3 Bg5 32. Rff3 Be3+ 33. Kh2 Rxf3 34.
gxf3 Kg7 35. c3 Kf6 36. Bg4 Rc7 37. cxd4 Rc2+ 38. Kh3 Bf2 39. d5 Bg3 40. Bh5
Kg5 41. f4+ Bxf4 0-1

[Event "2017 Battle of Alberta"]
[Site "?"]
[Date "2017.09.09"]
[Round "1"]
[White "Villavieja, Butch"]
[Black "Robichaud, Martin"]
[Result "1/2-1/2"]
[WhiteElo "2185"]
[BlackElo "2176"]
[PlyCount "99"]
[EventDate "2017.??.??"]
[SourceDate "2017.09.01"]

1. e4 e6 2. d4 d5 3. Nc3 Nf6 4. Bg5 dxe4 5. Nxe4 Nbd7 6. Nf3 Be7 7. Nxf6+ Nxf6
8. Bd3 h6 9. Bh4 O-O 10. Qe2 Qd5 11. O-O Bd7 12. Rfe1 Rfe8 13. Bg3 c5 14. dxc5
Qxc5 15. Ne5 a6 16. Nxd7 Nxd7 17. Qe4 Bf6 18. Qxb7 Ra7 19. Qe4 Bxb2 20. Qh7+
Kf8 21. Rab1 Bf6 22. Re4 Ne5 23. Reb4 Rd7 24. Rb7 Red8 25. Rxd7 Nxd7 26. Bxa6
Ne5 27. Bd3 Nxd3 28. cxd3 Qd5 29. Rb3 Ke7 30. h3 Ra8 31. Qe4 Qxe4 32. dxe4 Bd4
33. Rb4 e5 34. a4 Rc8 35. Kh2 Rc1 36. h4 h5 37. Rb5 Ke6 38. f4 f6 39. a5 Ra1
40. Rb7 Bg1+ 41. Kh3 Ra3 42. fxe5 g5 43. hxg5 fxg5 44. Rg7 h4 45. Rg6+ Kf7 46.
Rxg5 hxg3 47. Rxg3 Rxa5 48. Rf3+ Ke6 49. Rf6+ Ke7 50. g3 1/2-1/2

[Event "2017 Battle of Alberta"]
[Site "?"]
[Date "2017.09.09"]
[Round "1"]
[White "Efemuai, Martins"]
[Black "Veneracion, Paolo"]
[Result "0-1"]
[WhiteElo "2155"]
[BlackElo "2131"]
[PlyCount "31"]
[EventDate "2017.??.??"]
[SourceDate "2017.09.01"]

1. Nf3 d5 2. c4 d4 3. b4 g6 4. Bb2 Bg7 5. g3 e5 6. d3 Nh6 7. Bg2 O-O 8. Nbd2
Re8 9. O-O f5 10. Ne1 c6 11. Nb3 b6 12. a4 Bb7 13. a5 Qc7 14. Qd2 Nd7 15. a6
Bc8 16. b5 {Forfeit - phone} 0-1

[Event "2017 Battle of Alberta"]
[Site "?"]
[Date "2017.09.09"]
[Round "1"]
[White "Arkelian, Hernadzi"]
[Black "Kobalenko, Jerry"]
[Result "1-0"]
[WhiteElo "2100"]
[BlackElo "2145"]
[PlyCount "53"]
[EventDate "2017.??.??"]
[SourceDate "2017.09.01"]

1. e4 c5 2. Nf3 e6 3. d4 cxd4 4. Nxd4 a6 5. c4 Nf6 6. Nc3 Bb4 7. Qd3 Qc7 8. Be2
Nc6 9. Nxc6 dxc6 10. Be3 b5 11. O-O e5 12. cxb5 O-O 13. b6 Qb7 14. Na4 Be6 15.
a3 Rfd8 16. Qc2 Be7 17. Rac1 Rdc8 18. b4 Nd7 19. Rfd1 a5 20. Nc5 Nxc5 21. bxc5
a4 22. Qc3 h6 23. Qxe5 Bf6 24. Qg3 Rd8 25. Bxh6 Kh7 26. e5 gxh6 27. exf6 1-0

[Event "2017 Battle of Alberta"]
[Site "?"]
[Date "2017.09.09"]
[Round "1"]
[White "Boehmer, Kris"]
[Black "Hughey, Micah"]
[Result "1-0"]
[WhiteElo "2131"]
[BlackElo "2072"]
[PlyCount "105"]
[EventDate "2017.??.??"]
[SourceDate "2017.09.01"]

1. d4 d5 2. c4 e6 3. Nf3 c5 4. cxd5 exd5 5. g3 Nc6 6. Bg2 Nf6 7. O-O Be7 8.
dxc5 Bxc5 9. Qc2 Bb6 10. Nc3 O-O 11. Na4 Bg4 12. Nxb6 Qxb6 13. Bg5 Ne4 14. Be3
Qa6 15. Rfe1 Rac8 16. Qd3 Qa4 17. Nd4 Ne5 18. Qb5 Qxb5 19. Nxb5 a6 20. Nd4 Nc4
21. Bc1 Bd7 22. b3 Ncd6 23. Ba3 Rfd8 24. Bxd6 Nxd6 25. Bxd5 Rc5 26. Bf3 Rdc8
27. Red1 Bh3 28. b4 Rc3 29. Nb3 Nc4 30. Bxb7 Rb8 31. Nc5 g6 32. Rac1 Rxc1 33.
Rxc1 Nd6 34. Bxa6 Rxb4 35. Bd3 Rb2 36. Ra1 f6 37. f3 Nf7 38. Kf2 Ne5 39. a4 Kf7
40. a5 Ke7 41. a6 Kd6 42. a7 Kxc5 43. a8=Q Nxd3+ 44. Ke3 Ne5 45. Rc1+ Nc4+ 46.
Kf2 Bf5 47. Qf8+ Kd5 48. Qxf6 Bd3 49. Qd8+ Nd6 50. Qa8+ Kd4 51. Qa1 Nc4 52.
Rxc4+ Kxc4 53. Qxb2 1-0

[Event "2017 Battle of Alberta"]
[Site "?"]
[Date "2017.09.09"]
[Round "1"]
[White "Kalisvaart, Peter"]
[Black "Booker, Brad"]
[Result "0-1"]
[WhiteElo "2040"]
[BlackElo "2146"]
[PlyCount "58"]
[EventDate "2017.??.??"]
[SourceDate "2017.09.01"]

1. e4 c6 2. d4 d5 3. exd5 cxd5 4. c4 Nf6 5. Nc3 Nc6 6. Bg5 Be6 7. Bxf6 exf6 8.
c5 g6 9. Bb5 Bg7 10. Nge2 O-O 11. O-O f5 12. Qd2 Qh4 13. Rad1 Bh6 14. f4 Bg7
15. a3 a6 16. Ba4 Na5 17. b3 Qd8 18. b4 Nc6 19. Bb3 Rb8 20. Na4 Qc7 21. Nb6
Rbd8 22. a4 a5 23. b5 Nxd4 24. Nxd4 Qxc5 25. Qf2 Qxb6 26. Rfe1 Bc8 27. Qd2 Rfe8
28. Rxe8+ Rxe8 29. Kh1 Bxd4 0-1

[Event "2017 Battle of Alberta"]
[Site "?"]
[Date "2017.09.09"]
[Round "1"]
[White "Kostadinov, Georgi"]
[Black "Ludwig, Michael"]
[Result "1-0"]
[WhiteElo "2118"]
[BlackElo "2029"]
[PlyCount "131"]
[EventDate "2017.??.??"]
[SourceDate "2017.09.01"]

1. d4 d5 2. c4 e6 3. Nf3 Nf6 4. g3 Be7 5. Bg2 O-O 6. Qc2 Ne4 7. O-O f5 8. Nbd2
Nd7 9. b3 c6 10. Bb2 g5 11. Rad1 g4 12. Ne5 Nxe5 13. dxe5 Nxd2 14. Rxd2 Bg5 15.
Rdd1 Qe7 16. f4 gxf3 17. exf3 Be3+ 18. Kh1 Bd7 19. Qe2 f4 20. Bd4 Bxd4 21. Rxd4
fxg3 22. hxg3 Rf7 23. Bh3 Raf8 24. Kg2 Rg7 25. Rh1 c5 26. Rg4 d4 27. Rxg7+ Kxg7
28. Bg4 Bc6 29. Qd2 Kh8 30. Qh6 Qf7 31. Kg1 d3 32. Rh2 Qg7 33. Qxg7+ Kxg7 34.
f4 Re8 35. Kf2 Be4 36. Ke3 Bg6 37. Bf3 Rd8 38. Bxb7 Bf5 39. Rd2 Rd4 40. Bf3 a5
41. g4 Bg6 42. Rg2 Kf7 43. Rf2 Kg7 44. Bd1 Be8 45. f5 Bc6 46. f6+ Kf7 47. Rf4
Rd8 48. g5 a4 49. Kd2 axb3 50. axb3 Kg6 51. f7 Kg7 52. Bg4 Bd7 53. Rf6 Rb8 54.
Rf3 Rf8 55. Bh5 Bc6 56. Rxd3 Be4 57. Rd7 Bg6 58. Bxg6 Kxg6 59. b4 Kxg5 60. bxc5
h5 61. Ke3 h4 62. c6 h3 63. c7 Ra8 64. f8=Q Rxf8 65. Rd8 Rf5 66. c8=Q 1-0

[Event "2017 Battle of Alberta"]
[Site "?"]
[Date "2017.09.09"]
[Round "1"]
[White "Bertrand, Daryl"]
[Black "Timmerman, Brian"]
[Result "1-0"]
[WhiteElo "2013"]
[BlackElo "2078"]
[PlyCount "61"]
[EventDate "2017.??.??"]
[SourceDate "2017.09.01"]

1. e4 c5 2. d4 cxd4 3. c3 Nf6 4. e5 Nd5 5. Qxd4 e6 6. Nf3 Nc6 7. Qe4 d6 8. Bb5
Bd7 9. c4 Nc7 10. Bg5 Qc8 11. exd6 Bxd6 12. O-O Nxb5 13. cxb5 Ne7 14. Rc1 Qb8
15. Nc3 O-O 16. Rd1 f6 17. Qd3 Nd5 18. Nxd5 fxg5 19. Nc3 Rxf3 20. gxf3 Bxh2+
21. Kg2 Be8 22. Rh1 Bg6 23. Qc4 Bf4 24. Qxe6+ Bf7 25. Qe4 Bg6 26. Qe7 Qd8 27.
Qxb7 g4 28. Qd5+ Qxd5 29. Nxd5 Bd6 30. fxg4 Be4+ 31. f3 1-0